Bajo el signo de Géminis (Record no. 132079)

MARC details
000 -LEADER
campo de control de longitud fija 00594nam a2200169 4500
001 - NÚMERO DE CONTROL
campo de control 132079
003 - IDENTIFICADOR DE NÚMERO DE CONTROL
campo de control ES-MaACL
005 - FECHA Y HORA DE LA ÚLTIMA TRANSACCIÓN
campo de control 20230906194112.0
007 - CAMPO FIJO DE DESCRIPCIÓN FÍSICA--INFORMACIÓN GENERAL
campo de control de longitud fija t|
008 - DATOS DE LONGITUD FIJA--INFORMACIÓN GENERAL
campo de control de longitud fija 070214s1975 ve r ||||1| spa d
100 1# - ENTRADA PRINCIPAL--NOMBRE DE PERSONA
Nombre de persona Rodríguez Sánchez, Juan Gregorio.
9 (RLIN) 98800
245 10 - MENCIÓN DEL TÍTULO
Título Bajo el signo de Géminis
Resto del título : ensayos críticos de Literatura española e hispanoamericana /
Mención de responsabilidad, etc. Juan Gregorio Rodríguez Sánchez.
260 ## - PUBLICACIÓN, DISTRIBUCIÓN, ETC.
Lugar de publicación, distribución, etc. Maracaibo (Venezuela) :
Nombre del editor, distribuidor, etc. Universidad del Zulia,
Fecha de publicación, distribución, etc. 1975.
300 ## - DESCRIPCIÓN FÍSICA
Extensión 183 p. ;
Dimensiones 23 cm.
710 2# - ENTRADA AGREGADA--NOMBRE DE ENTIDAD CORPORATIVA
Nombre de entidad corporativa o nombre de jurisdicción como elemento de entrada Universidad del Zulia.
9 (RLIN) 7369
852 ## - LOCALIZACIÓN
Ubicación ES-MaACL
Número de control de estantería A-5630
Sublocalización o colección R.94562
Holdings
Estatus retirado Estado de pérdida Estado de daño No para préstamo Biblioteca de origen Biblioteca actual Ubicación en estantería Fecha de adquisición Fuente de adquisición Total de préstamos Signatura topográfica completa Código de barras Visto por última vez Precio de reemplazo Tipo de ítem Koha
        Biblioteca del Ateneo de Madrid Biblioteca del Ateneo de Madrid Sala Pecera Planta 1 17/01/2008     A-5630 1137510 23/02/2023 23/02/2023 Libro impreso